Normal view MARC view

Entry Personal Name

Number of records used in: 1

001 - CONTROL NUMBER

  • control field: 160227

003 - CONTROL NUMBER IDENTIFIER

  • control field: OSt

005 - DATE AND TIME OF LATEST TRANSACTION

  • control field: 20220923211319.0

008 - FIXED-LENGTH DATA ELEMENTS

  • fixed length control field: 220923|| aca||aabn | a|a d

040 ## - CATALOGING SOURCE

  • Original cataloging agency: OSt
  • Transcribing agency: OSt

100 ## - HEADING--PERSONAL NAME

  • Personal name: जैन, सुरेश कुमार, संपा

670 ## - SOURCE DATA FOUND

  • Source citation: Work cat.: (OSt)298421: जैन, सुरेश कुमार, संपा., हिन्दी साहित्य का इतिहास नए विचार - नई दृष्टि, 2008
Copyright @ Delhi University Library System